000 00731nam a22001817a 4500
999 _c13679
_d13679
003 AR-CdUCM
008 190416b ||||| |||| 00| 0 spa d
040 _aMUNICIPALIDAD PROVINCIAL DEL CUSCO
_cBIBLIOTECA MUNICIPAL DEL CUSCO
082 _aC / 869.56 /
_bV66
100 _aVillagarcia de Coronado, Olga
_932181
245 _aLazarillo de Tormes y Guzman de Alfarache en la novela picaresca española /
260 _aCusco :
_bUNSAAC,
_c1966.
300 _a140 páginas ;
_c22 cm.
505 _aLa novela picaresca y el ambiente en el que se desarrolla durante los siglo XVI y XVII -- La vida de Lazarillo de Tormes de sus fortunas y adversidaddes...
650 _aNovela.
_95
942 _2ddc
_cLIBROS
945 _awfj
_d2019-04-16